000 00385cam a22001337a 4500
008 180718b1978 xxu||||| |||| 00| 0 eng d
082 _aF5x54 In2v
100 _aIndia. Vadilal Commission of Inquiry
245 _aVadilal Commission of Inquiry: final report
260 _aNew Delhi
_bThe author
_c1978
300 _a154+p.
500 _aChairman: Vadilal
700 _aVadilal (Chairman)
999 _c489199
_d489199